| 000 | 01213nam a2200265 a 4500 | ||
|---|---|---|---|
| 003 | OSt | ||
| 005 | 20240817002657.0 | ||
| 007 | cr ||||||a|c|a | ||
| 008 | 240207s2023 mx a|||fom||| 001 0 spa d | ||
| 040 | _erda | ||
| 100 | 1 |
_9188658 _aGomez Gracida, Elisa |
|
| 245 | 1 | 0 |
_aEvaluación de genotipos de quinoa (Chenopodium quinoa Willd.) en respuesta a mildiu (Peronospora variabilis Gäum.) en los valles altos del Centro de México / _cElisa Gomez Gracida; director de tesis Santos Gerardo Leyva Mir |
| 264 | 1 |
_aChapingo, México : _bEl autor, _c2023. |
|
| 300 |
_a1 recurso en línea (75páginas): _bfiguras y cuadros.. |
||
| 336 |
_2rdacontent _atexto _btxt |
||
| 337 |
_2rdamedia _acomputadora _bc |
||
| 338 |
_2rdacarrier _arecurso en línea _bcr |
||
| 502 |
_bIAEPA _cParasitología _d2023. _gLIC |
||
| 504 | _aIncluye referencias bibliográficas: páginas 55-58 | ||
| 650 | 4 |
_9188508 _aChenopodium quinoa _xRendimiento |
|
| 650 | 4 |
_9188507 _aChenopodium quinoa _xEnfermedades por hongos |
|
| 700 | 1 |
_aLeyva Mir, Santos Gerardo _eDirector de tesis. _966581 |
|
| 856 |
_uhttp://10.13.5.2/tesis/tl/1510924-9_GOMEZ_GRACIDA_ELISA.pdf _zDESCARGAR PDF |
||
| 942 |
_2Clasificación Universidad Autónoma Chapingo _cTD |
||
| 999 |
_c219643 _d219643 |
||